00287nam a2200121Ia 45000030006000000080041000060400015000471000021000622450029000832600024001125460012001360050017001480STCL150530s9999 xx 000 0 und d aSTCLcSTCL aEkambaranath, A. aModels of zoology part I bS.Viswanathanc1957 aEnglish20220125170422.0